| 000 | 00684nam a2200229 4500 | ||
|---|---|---|---|
| 003 | OSt | ||
| 005 | 20260530113903.0 | ||
| 008 | 260421b1970 sp |||| |||| 00| 0 spa d | ||
| 040 |
_aICI _bspa _cICI |
||
| 050 |
_aCB19 _bF74 1970 |
||
| 100 | 1 |
_a Friedmann, Georges, _d1902-, _932458 |
|
| 245 | 1 | 0 |
_aEl hombre y la tecnica / _cGeorges friedmann ; traduccion castellana de Angel abad |
| 264 | 1 |
_bAriel, _c1970 _aBarcelona : |
|
| 300 | _a215 páginas | ||
| 336 |
_atexto _2rdacontent |
||
| 337 |
_asin medio _2rdamedia |
||
| 338 |
_avolumen _2rdacarrier |
||
| 650 | 4 |
_aSeres humanos _932459 |
|
| 650 | 4 |
_aTecnología _918120 |
|
| 650 | 4 |
_aCivilización _xHistoria _99808 |
|
| 942 |
_2lcc _cBK |
||
| 999 |
_c11831 _d11831 |
||